| 000 | 01011cam a22002775a 4500 | ||
|---|---|---|---|
| 003 | OSt | ||
| 005 | 20150820133227.0 | ||
| 008 | 100621s1985 ua ||||frb||| 000 0 ara d | ||
| 020 | _a9771720805 | ||
| 040 |
_aEG-ScBUE _bara _cEG-ScBUE |
||
| 082 | 0 | 4 |
_a297.648 _bش ر ق _222 |
| 100 | 1 |
_aالشرقاوى ، عبد الرحمن _914959 |
|
| 245 | 1 | 0 |
_aعلى إمام المتقين / _cعبد الرحمن الشرقاوى . |
| 260 |
_aالقاهرة: _bمكتبة غريب ، _c[1985]. |
||
| 300 |
_a؛2 ج _c24سم. |
||
| 500 | _aإهداء من الدكتورعلاء عبد الغنى | ||
| 504 | _aيحتوى على إرجاعات ببليوجرافية . | ||
| 541 |
_a؛علاء عبد الغنى _cإهداء ؛ |
||
| 590 | _adoaa mohamed | ||
| 600 |
_914963 _aعلى بن أبى طالب _tخليفة |
||
| 650 |
_914960 _aالصحابة والتابعون _2BUEsh |
||
| 650 |
_914962 _aالعلويين _2BUEsh |
||
| 651 | _2BUEsh | ||
| 653 |
_bARALIT _cAugust2015 |
||
| 942 |
_2ddc _cBB |
||
| 999 |
_c14138 _d14138 |
||